000 00792nam a2200241 u 4500
001 65711
005 20180714073151.0
008 160630s2015 mx r 000 0 spa d
020 _a9788499189567
041 _aspa
082 0 _a813.6
_bCHR
100 1 _aChristie, Alix,
_eautor
245 1 3 _aEl discípulo de Gutenberg /
_cAlix Christie, traducción de Julia Osuna Aguilar.
250 _aPrimera edición
264 1 _aMéxico :
_bRoca Editorial de Libros,
_c2015
300 _a398 páginas ;
_c23 cm.
336 _atexto
_2rdacontent
337 _asin mediación
_2rdamedia
338 _avolumen
_2rdacarrier
650 4 _aGutenberg, Johann, 1397-1468
_xCiencia ficción
650 4 _aNovela alemana
_xCiencia ficción
700 1 _aOsuna Aguilar, Julia,
_etraductor
999 _c65711
_d65711